| 000 | 00791cam a22002653a 4500 | ||
|---|---|---|---|
| 001 | 18934 | ||
| 003 | PGUSA | ||
| 005 | 20140828083413.0 | ||
| 008 | 060729s2006||||xxu|||||s|||||000 | eng d | ||
| 040 |
_aPGUSA _beng |
||
| 042 | _adc | ||
| 050 | 4 | _aPR | |
| 100 | 1 |
_aBarrie, J. M. _q(James Matthew), _d1860-1937 |
|
| 245 | 1 | 0 |
_aMy Lady Nicotine : _bA Study in Smoke _h[electronic resource] / _cJ. M. Barrie |
| 260 |
_bProject Gutenberg, _c2006 |
||
| 506 | _aPublic domain in the USA. | ||
| 516 | _aElectronic text | ||
| 653 | _aTobacco -- Anecdotes | ||
| 653 | _aSmoking -- Anecdotes | ||
| 653 | _aWit and humor, Pictorial | ||
| 700 | 1 |
_aPrendergast, Maurice Brazil, _d1858-1924 |
|
| 830 | 0 |
_aProject Gutenberg _v18934 |
|
| 856 | 4 | 0 | _uhttp://www.gutenberg.org/ebooks/18934 |
| 942 | _cEB | ||
| 999 |
_c248189 _d248189 |
||